00241nam a2200085Ia 450000100070000000500170000700800410002424500530006526000370011891573320250826185840.0250824s9999 xx 000 0 und d 0aÇOK İYİ ÇOBAN KÖPEĞİcPINNY GRYLLS bBİNBİR ÇİÇEK YAYINLARI